British political parties (Record no. 373089)

000 -LEADER
fixed length control field 00413cam a22001457a 4500
008 - FIXED-LENGTH DATA ELEMENTS--GENERAL INFORMATION
fixed length control field 180718b1963 xxu||||| |||| 00| 0 eng d
082 ## - DEWEY DECIMAL CLASSIFICATION NUMBER
Classification number F51x42 M199/63
100 ## - MAIN ENTRY--PERSONAL NAME
Personal name McKenzie, R.T.
245 ## - TITLE STATEMENT
Title British political parties
Statement of responsibility, etc. by R.T. McKenzie
250 ## - EDITION STATEMENT
Edition statement 2nd ed.
260 ## - PUBLICATION, DISTRIBUTION, ETC.
Place of publication, distribution, etc. London
Name of publisher, distributor, etc. Heinemann
Date of publication, distribution, etc. 1963
300 ## - PHYSICAL DESCRIPTION
Extent 694p.
650 ## - SUBJECT ADDED ENTRY--TOPICAL TERM
Topical term or geographic name entry element Labour Party (Great Britain)
650 ## - SUBJECT ADDED ENTRY--TOPICAL TERM
Topical term or geographic name entry element Conservative Party (Great Britain)
Holdings
Withdrawn status Lost status Damaged status Not for loan Permanent Location Current Location Date acquired Total Checkouts Full call number Barcode Date last seen Date last checked out Price effective from Koha item type
        Indian Institute of Public Administration Indian Institute of Public Administration 1994-06-18 1 F51x42 M199/63 34956 2020-06-24 2020-06-23 2018-07-21 Book

Powered by Koha